000 00898nam a2200265Ia 4500
003 OSt
005 20220916110905.0
006 a|||||r|||| 00| 0
007 ta
008 220915b |||||||| |||| 00| 0 hin d
020 _a8185999848 (hbk)
024 _a564
037 _b459, 17/03/2008, University Book House
037 _cTextbook
040 _bhin
_aARTS
_cARTS
041 _ahin
082 _aO152,1wN, P6-;2
100 _aशर्मा, विष्णुचंद्र
245 0 _aदस विशिष्ट कवि
246 _aDas vishiṣhṭa kavi
260 _aनई
_bदिल्ली स्वराज प्रकाशन भारत
_c2006
300 _a133पृ0
_ccm.
942 _hO152,1wN, P6-;2
_cTB
_2CC
999 _c100554
_d100554